[Event "Madrid Tajamar Easter op-B"]
[Site "Madrid"]
[Date "2018.03.25"]
[Round "5"]
[White "Pareja Cerrato, Antonio"]
[Black "Reyero Castro, Jorge"]
[Result "0-1"]
[WhiteElo "1525"]
[BlackElo "1133"]
[PlyCount "54"]
[EventDate "2018.03.22"]
[EventType "swiss"]
[EventRounds "7"]
[EventCountry "ESP"]
[SourceTitle "EXT 2019"]
[Source "ChessBase"]
[SourceDate "2018.10.10"]
[SourceVersion "1"]
[SourceVersionDate "2018.10.10"]
[SourceQuality "1"]

1. e4 e5 2. Nf3 Nc6 3. Nc3 Bc5 4. Bc4 Nf6 5. d3 Nd4 6. Nxe5 0-0 7. Nxf7 Rxf7 8. Bxf7+ Kxf7 9. 0-0 d6 10. h3 Be6 11. a3 Qd7 12. Kh2 Rg8 13. f4 g6 14. e5 Nh5 15. g4 Ke7 16. f5 Nxf5 17. Ne4 Bd4 18. exd6+ cxd6 19. gxf5 Be5+ 20. Kh1 Bxf5 21. Bg5+ Ke8 22. Qe2 Bxe4+ 23. Kg1 Qxh3 24. Rf3 Bxf3 25. Qd2 Qh1+ 26. Kf2 Qg2+ 27. Ke3 Qxg5+ 0-1

[Event "Madrid Tajamar Easter op-B"]
[Site "Madrid"]
[Date "2018.03.24"]
[Round "4"]
[White "Carreres Boluda, David"]
[Black "Pareja Cerrato, Antonio"]
[Result "1-0"]
[WhiteElo "1722"]
[BlackElo "1525"]
[PlyCount "45"]
[EventDate "2018.03.22"]
[EventType "swiss"]
[EventRounds "7"]
[EventCountry "ESP"]
[SourceTitle "EXT 2019"]
[Source "ChessBase"]
[SourceDate "2018.10.10"]
[SourceVersion "1"]
[SourceVersionDate "2018.10.10"]
[SourceQuality "1"]

1. e4 e5 2. d4 exd4 3. c3 dxc3 4. Nxc3 Nc6 5. Bc4 Nf6 6. Nf3 d6 7. Qb3 Qe7 8. 0-0 Ne5 9. Nxe5 dxe5 10. Bg5 c6 11. a4 g6 12. f4 Bg7 13. fxe5 Qxe5 14. Bxf7+ Ke7 15. Bh4 b6 16. Rad1 Be6 17. Bxe6 Qxe6 18. Qa3+ c5 19. e5 Bh6 20. Bxf6+ Ke8 21. Bxh8 Be3+ 22. Kh1 Qc4 23. Qa2 1-0

[Event "Madrid Chamartin op 6th"]
[Site "Madrid"]
[Date "2017.09.09"]
[Round "8"]
[White "Martinez Miura, Enrique"]
[Black "Pareja Cerrato, Antonio"]
[Result "1/2-1/2"]
[WhiteElo "1684"]
[BlackElo "1525"]
[PlyCount "136"]
[EventDate "2017.09.04"]
[EventType "swiss"]
[EventRounds "9"]
[EventCountry "ESP"]
[SourceTitle "CBM 180 Extra"]
[Source "ChessBase"]
[SourceDate "2017.10.06"]
[SourceVersion "1"]
[SourceVersionDate "2017.10.06"]
[SourceQuality "1"]

1. e4 c6 2. d4 d5 3. Nc3 dxe4 4. Nxe4 Bf5 5. Ng3 Bg6 6. Nf3 h6 7. Bd3 Bxd3 8. Qxd3 Nf6 9. 0-0 e6 10. Re1 Qc7 11. Bd2 Bd6 12. Nf5 0-0 13. Nxd6 Qxd6 14. a3 Rd8 15. Bb4 Qc7 16. Qe2 Nbd7 17. Ne5 a5 18. Be7 Re8 19. Nxd7 Nxd7 20. Bh4 Qf4 21. Bg3 Qg5 22. c4 Rad8 23. b4 a4 24. Qc2 b5 25. c5 Nf6 26. Bd6 Rd7 27. Re5 Qg4 28. Qd3 Nd5 29. Re4 Qf5 30. Rc1 Nf6 31. Re3 Qxd3 32. Rxd3 Red8 33. Rg3 Ne4 34. Re3 Nxd6 35. cxd6 Rxd6 36. h3 Kf8 37. Rec3 Rc8 38. Rd1 Ke7 39. Kf1 Kd7 40. Ke2 f5 41. f4 g5 42. Ke3 gxf4+ 43. Kxf4 Rg8 44. g3 Re8 45. Rdd3 e5+ 46. dxe5 Rd5 47. Rxd5+ cxd5 48. Kxf5 Rf8+ 49. Kg6 Ke6 50. Kxh6 Rh8+ 51. Kg5 Rxh3 52. Kf4 Rh1 53. Rc6+ Ke7 54. Rd6 Rf1+ 55. Kg5 Rd1 56. Kf4 Rf1+ 57. Ke3 Re1+ 58. Kd4 Rd1+ 59. Kc5 Rd3 60. Rxd5 Rxg3 61. Kxb5 Rxa3 62. Rd6 Ra1 63. Ra6 a3 64. Kc4 a2 65. Kb3 Rb1+ 66. Kxa2 Rxb4 67. Ka3 Re4 68. e6 Rxe6 1/2-1/2

[Event "Collado Villalba 64 op 5th"]
[Site "Collado Villalba"]
[Date "2017.07.28"]
[Round "6"]
[White "Galan Aguado, Fernando"]
[Black "Pareja Cerrato, Antonio"]
[Result "1-0"]
[WhiteElo "1689"]
[BlackElo "1525"]
[PlyCount "127"]
[EventDate "2017.07.23"]
[EventType "swiss"]
[EventRounds "9"]
[EventCountry "ESP"]
[SourceTitle "CBM 179 Extra"]
[Source "ChessBase"]
[SourceDate "2017.08.23"]
[SourceVersion "1"]
[SourceVersionDate "2017.08.23"]
[SourceQuality "1"]

1. d4 d5 2. Nf3 Nc6 3. e3 Nf6 4. Bd3 Bg4 5. Nbd2 e5 6. dxe5 Nxe5 7. Be2 Bd6 8. Nxe5 Bxe2 9. Nxf7 Bxd1 10. Nxd8 Rxd8 11. Kxd1 Ng4 12. Ke1 0-0 13. Nf3 c5 14. h3 Nf6 15. b3 Rfe8 16. Kf1 Rf8 17. Bb2 Ne4 18. Rd1 Bc7 19. Ke2 Rfe8 20. c3 Ba5 21. Rd3 c4 22. bxc4 dxc4 23. Rxd8 Rxd8 24. Rc1 Nc5 25. Rc2 Bc7 26. Nd4 g6 27. Ba3 Bd6 28. Bxc5 Bxc5 29. Ne6 Rd5 30. Rd2 Rxd2+ 31. Kxd2 Bd6 32. f3 b5 33. Ng5 h6 34. Ne4 Be7 35. Kc2 a5 36. Nd2 Kf7 37. a4 bxa4 38. Nxc4 Bd8 39. Nb2 a3 40. Na4 Ke6 41. Kb3 Be7 42. c4 Bb4 43. Nc3 Bxc3 44. Kxc3 a4 45. Kc2 Kd6 46. Kb1 Kc5 47. Ka2 Kxc4 48. Kxa3 Kc3 49. e4 Kd4 50. Kxa4 g5 51. g4 Ke3 52. Kb4 Kxf3 53. e5 Kg3 54. e6 Kxh3 55. e7 Kxg4 56. e8Q h5 57. Qe4+ Kh3 58. Qh1+ Kg4 59. Qg2+ Kf4 60. Kc4 g4 61. Kd4 Kg5 62. Ke4 h4 63. Qd2+ Kh5 64. Kf5 1-0

[Event "Madrid-ch Previa-B"]
[Site "Madrid"]
[Date "2017.02.10"]
[Round "4"]
[White "Pareja Cerrato, Antonio"]
[Black "Molina Garcia, Francisco Javier"]
[Result "0-1"]
[WhiteElo "1509"]
[BlackElo "1965"]
[PlyCount "64"]
[EventDate "2017.02.02"]
[EventType "swiss"]
[EventRounds "9"]
[EventCountry "ESP"]
[SourceTitle "EXT 2018"]
[Source "ChessBase"]
[SourceDate "2017.10.13"]
[SourceVersion "1"]
[SourceVersionDate "2017.10.13"]
[SourceQuality "1"]

1. e4 c5 2. Nc3 Nc6 3. Bb5 Nd4 4. Nge2 Nxb5 5. Nxb5 d6 6. d3 Nf6 7. b3 g6 8. Bb2 Bg7 9. 0-0 0-0 10. Rb1 a6 11. Nbc3 b5 12. Nd5 e6 13. Ne3 Bb7 14. Ng3 d5 15. e5 Nd7 16. d4 cxd4 17. Bxd4 Nxe5 18. Ng4 Nxg4 19. Bxg7 Kxg7 20. Qxg4 Rc8 21. c4 bxc4 22. Qd4+ Kg8 23. Qa7 Rc7 24. bxc4 Bc8 25. Qb6 Rxc4 26. Qa7 Qc7 27. Qe3 Bd7 28. Rb6 Bb5 29. Nh5 Rc8 30. Rxe6 fxe6 31. Qxe6+ Qf7 32. Nf6+ Kg7 0-1

[Event "San Sebastian de los Reyes op 18th"]
[Site "San Sebastian"]
[Date "2016.12.09"]
[Round "7"]
[White "Martin Rodriguez, Jose Luis"]
[Black "Pareja Cerrato, Antonio"]
[Result "0-1"]
[WhiteElo "1343"]
[BlackElo "1549"]
[PlyCount "92"]
[EventDate "2016.12.03"]
[EventType "swiss"]
[EventRounds "9"]
[EventCountry "ESP"]
[SourceTitle "CBM 176 Extra"]
[Source "ChessBase"]
[SourceDate "2017.03.02"]
[SourceVersion "1"]
[SourceVersionDate "2017.03.02"]
[SourceQuality "1"]

1. c4 e6 2. Nc3 Nf6 3. e4 Nc6 4. d4 Bb4 5. Bg5 d6 6. Nf3 h6 7. Bxf6 Qxf6 8. Be2 Bd7 9. a3 Bxc3+ 10. bxc3 0-0 11. 0-0 Rad8 12. Qc2 Rfe8 13. Bd3 e5 14. d5 Ne7 15. a4 Ng6 16. Qe2 Nf4 17. Qe3 Qg6 18. Nh4 Qg4 19. g3 Nxd3 20. Qxd3 Qh5 21. Kg2 g5 22. Nf5 g4 23. Kg1 Bxf5 24. exf5 e4 25. Qe3 b6 26. a5 Re5 27. axb6 axb6 28. f6 Kh7 29. Ra7 Qh3 30. Rxc7 Rh5 31. Qxe4+ Kg8 32. Qg2 Rf5 33. Qxh3 gxh3 34. Ra1 Rxf6 35. Raa7 Rf3 36. Ra3 Re8 37. Kf1 Rd3 38. Ra1 Rxc3 39. Rc6 Rc2 40. Re1 Ra8 41. Rxd6 Kg7 42. Rxb6 Raa2 43. Reb1 Rxf2+ 44. Ke1 Rxh2 45. R6b2 Raxb2 46. Rxb2 Rxb2 0-1

[Event "San Sebastian de los Reyes op 18th"]
[Site "San Sebastian"]
[Date "2016.12.05"]
[Round "3"]
[White "Alonso Garuti, Luis Eugenio"]
[Black "Pareja Cerrato, Antonio"]
[Result "1-0"]
[WhiteElo "1844"]
[BlackElo "1549"]
[PlyCount "67"]
[EventDate "2016.12.03"]
[EventType "swiss"]
[EventRounds "9"]
[EventCountry "ESP"]
[SourceTitle "CBM 176 Extra"]
[Source "ChessBase"]
[SourceDate "2017.03.02"]
[SourceVersion "1"]
[SourceVersionDate "2017.03.02"]
[SourceQuality "1"]

1. e4 c6 2. d4 d5 3. e5 Bf5 4. Bd3 Qd7 5. Be3 Na6 6. Ne2 Nb4 7. Bxf5 Qxf5 8. Na3 Qg6 9. Nf4 Qe4 10. e6 fxe6 11. Qd2 Na6 12. f3 Qf5 13. g4 Qf7 14. Nd3 Qxf3 15. Rf1 Qe4 16. 0-0-0 h5 17. Rf4 Qh7 18. g5 g6 19. Rxf8+ Kxf8 20. Rf1+ Ke8 21. Ne5 Nh6 22. gxh6 Rf8 23. Rxf8+ Kxf8 24. Qd3 Nb4 25. Qxg6 Qxg6 26. Nxg6+ Kf7 27. Ne5+ Kf6 28. h4 Nxa2+ 29. Kd2 Nb4 30. c3 Na6 31. Bg5+ Kf5 32. Nc2 Nc7 33. Kd3 Rh8 34. Ne3# 1-0